|
|
|
|
| LEADER |
00000naa2a2200000 4500 |
| 001 |
394358 |
| 005 |
20231101064510.0 |
| 035 |
|
|
|a (RuTPU)RU\TPU\prd\31075
|
| 090 |
|
|
|a 394358
|
| 100 |
|
|
|a 20041215a2004 k y0rusy50 ca
|
| 101 |
0 |
|
|a rus
|
| 102 |
|
|
|a RU
|
| 200 |
1 |
|
|a Анализ современных тенденций построения моделей информационных атак
|f В. А. Сердюк
|
| 225 |
1 |
|
|a Инфлормационная безопасность
|
| 320 |
|
|
|a Библиогр.: 6 назв.
|
| 461 |
|
1 |
|0 (RuTPU)RU\TPU\prd\1520
|t Информационные технологии
|o теоретический и прикладной научно-технический журнал
|d 2000-
|
| 463 |
|
1 |
|0 (RuTPU)RU\TPU\prd\26853
|t № 5
|v С. 20-26
|d 2004
|
| 610 |
1 |
|
|a моделирование
|
| 610 |
1 |
|
|a информационные атаки
|
| 610 |
1 |
|
|a практическое построение
|
| 610 |
1 |
|
|a модели
|
| 610 |
1 |
|
|a анализ
|
| 610 |
1 |
|
|a универсальность
|
| 610 |
1 |
|
|a расширяемость
|
| 610 |
1 |
|
|a формализуемость
|
| 610 |
1 |
|
|a простота
|
| 610 |
1 |
|
|a многофакторность
|
| 675 |
|
|
|a 004.056.55(075)
|v 3
|
| 700 |
|
1 |
|a Сердюк
|b В. А.
|
| 801 |
|
1 |
|a RU
|b 63413507
|c 20041215
|g PSBO
|
| 801 |
|
2 |
|a RU
|b 63413507
|c 20130508
|g RCR
|
| 942 |
|
|
|c BK
|